| 000 | 00838nam a2200265Ia 4500 | ||
|---|---|---|---|
| 003 | OSt | ||
| 005 | 20220930185253.0 | ||
| 006 | a|||||r|||| 00| 0 | ||
| 007 | ta | ||
| 008 | 220926b |||||||| |||| 00| 0 eng d | ||
| 020 |
_a9780415451710 (hbk) _c5716.80 |
||
| 024 | _a1203 | ||
| 037 |
_b0030, 22/12/2008, Independent Publishers Group _cTextbook |
||
| 040 |
_aCRL _cCRL _beng |
||
| 041 |
_2eng _aeng |
||
| 082 | _aV498, P8 | ||
| 100 |
_aRoemer Stephanie _9289905 |
||
| 245 | 0 |
_aTibetan government - in - exile _b Politics at large |
|
| 260 |
_aLondon _bRoutledge UK _c2008 |
||
| 300 |
_axii, 220p. _ccm. |
||
| 490 | _aRoutledge advances in South Asian studies | ||
| 650 | _aHISTORY | ||
| 942 |
_hV498, P8 _cTB _2CC |
||
| 999 |
_c889858 _d889858 |
||